| 000 | 00588nam a2200193Ia 4500 | ||
|---|---|---|---|
| 003 | IN-BaIIA | ||
| 008 | 211028s9999 xx 000 0 eng d | ||
| 040 | _cIIA Library | ||
| 080 |
_a083.7:698.3 _bISI |
||
| 110 | _aIndian Standards Institution | ||
| 245 | 0 |
_aIndian standard code of practice for glazing in buildings _cIndian Standards Institution |
|
| 260 |
_aNew Delhi _bIndian Standards Institution _c1966 |
||
| 300 | _a16p. | ||
| 500 | _aIS 3548 : 1966 | ||
| 650 |
_a Glazing in Buildings-Standards _98819 |
||
| 650 | _a Standards | ||
| 650 | _aNASA Thesaurus | ||
| 942 | _cBK | ||
| 999 |
_c4924 _d4924 |
||